[Event "EU-ch 10th"]
[Site "Budva"]
[Date "2009.03.16"]
[Round "10"]
[White "Ketzetzis, Georgios"]
[Black "Panic, Nenad"]
[Result "1-0"]
[WhiteElo "2243"]
[BlackElo "2407"]
[PlyCount "53"]
[EventDate "2009.03.06"]
[EventType "swiss"]
[EventRounds "11"]
[EventCountry "MNE"]
[SourceTitle "CBM 130"]
[Source "ChessBase"]
[SourceDate "2009.05.20"]
[SourceVersion "1"]
[SourceVersionDate "2009.05.20"]
[SourceQuality "1"]

1. e4 c5 2. Nf3 e6 3. d4 cxd4 4. Nxd4 a6 5. Nc3 Qc7 6. Bd3 Nf6 7. 0-0 b5 8. Qe2 d6 9. f4 b4 10. Na4 Bd7 11. e5 Nd5 12. c4 bxc3 13. Nxc3 Nxc3 14. bxc3 g6 15. f5 gxf5 16. Rxf5 dxe5 17. Rxf7 Kxf7 18. Bg5 Bg7 19. Rf1+ Kg8 20. Qh5 Bb5 21. Bxb5 Nc6 22. Nxc6 h6 23. Ne7+ Qxe7 24. Bxe7 axb5 25. Qg6 Rh7 26. Rf7 Ra7 27. Rf8# 1-0

[Event "EU-ch 10th"]
[Site "Budva"]
[Date "2009.03.12"]
[Round "7"]
[White "Ketzetzis, Georgios"]
[Black "Klenburg, Mikhail"]
[Result "1/2-1/2"]
[WhiteElo "2243"]
[BlackElo "2426"]
[PlyCount "84"]
[EventDate "2009.03.06"]
[EventType "swiss"]
[EventRounds "11"]
[EventCountry "MNE"]
[SourceTitle "CBM 130"]
[Source "ChessBase"]
[SourceDate "2009.05.20"]
[SourceVersion "1"]
[SourceVersionDate "2009.05.20"]
[SourceQuality "1"]

1. e4 d6 2. d4 Nf6 3. Nc3 g6 4. f4 Bg7 5. Nf3 0-0 6. e5 dxe5 7. dxe5 Qxd1+ 8. Nxd1 Nd5 9. g3 Nc6 10. a3 Bf5 11. Bd3 Bxd3 12. cxd3 Rad8 13. Ke2 Rd7 14. Nf2 Na5 15. Be3 Nb3 16. Rad1 c5 17. d4 c4 18. Nd2 Nxe3 19. Kxe3 Nxd4 20. Nxc4 Nf5+ 21. Ke4 Rc7 22. Ne3 Nxe3 23. Kxe3 f6 24. exf6 exf6 25. Rd2 f5 26. Rhd1 Re8+ 27. Kf3 Rce7 28. Kg2 Bf6 29. b3 Kf7 30. Rd7 Rxd7 31. Rxd7+ Re7 32. Rd3 Rc7 33. h3 Ke6 34. g4 b5 35. Nd1 Rc2+ 36. Kf3 Ra2 37. b4 Rc2 38. Re3+ Kf7 39. gxf5 gxf5 40. Rd3 Ke6 41. Re3+ Kf7 42. Rd3 Ke6 1/2-1/2

[Event "EU-ch 10th"]
[Site "Budva"]
[Date "2009.03.10"]
[Round "5"]
[White "Ketzetzis, Georgios"]
[Black "Kanceljak, Dalia"]
[Result "1-0"]
[WhiteElo "2243"]
[BlackElo "1917"]
[PlyCount "65"]
[EventDate "2009.03.06"]
[EventType "swiss"]
[EventRounds "11"]
[EventCountry "MNE"]
[SourceTitle "CBM 130"]
[Source "ChessBase"]
[SourceDate "2009.05.20"]
[SourceVersion "1"]
[SourceVersionDate "2009.05.20"]
[SourceQuality "1"]

1. e4 c5 2. Nf3 e6 3. c4 Nc6 4. Nc3 Nf6 5. Be2 b6 6. 0-0 Bb7 7. d4 cxd4 8. Nxd4 Qb8 9. Be3 Bd6 10. g3 Nxd4 11. Bxd4 e5 12. Be3 Nxe4 13. Nxe4 Bxe4 14. Bf3 Bc6 15. Bxc6 dxc6 16. Qg4 Bf8 17. Rad1 Qc8 18. Qe4 Qe6 19. f4 Rd8 20. Rxd8+ Kxd8 21. fxe5 Be7 22. a4 Bb4 23. a5 Bxa5 24. Rd1+ Kc7 25. Rd6 Qe8 26. c5 bxc5 27. Bf4 Kb6 28. e6 fxe6 29. Be3 Rf8 30. b4 Rf1+ 31. Kxf1 Qf8+ 32. Kg2 Qxd6 33. bxc5+ 1-0

[Event "EU-ch 10th"]
[Site "Budva"]
[Date "2009.03.07"]
[Round "2"]
[White "Smirnov, Artem"]
[Black "Ketzetzis, Georgios"]
[Result "1/2-1/2"]
[WhiteElo "2449"]
[BlackElo "2243"]
[PlyCount "54"]
[EventDate "2009.03.06"]
[EventType "swiss"]
[EventRounds "11"]
[EventCountry "MNE"]
[SourceTitle "CBM 130"]
[Source "ChessBase"]
[SourceDate "2009.05.20"]
[SourceVersion "1"]
[SourceVersionDate "2009.05.20"]
[SourceQuality "1"]

1. e4 c5 2. Nf3 Nc6 3. Nc3 Nf6 4. Bb5 Qc7 5. 0-0 a6 6. Bxc6 dxc6 7. h3 e5 8. a4 h6 9. d3 Be6 10. b3 g5 11. Nh2 Be7 12. a5 0-0-0 13. Na4 g4 14. hxg4 Nxe4 15. Be3 h5 16. Qe2 Ng5 17. Bxg5 Bxg5 18. gxh5 Rdg8 19. Nxc5 Bf4 20. g3 Rg5 21. Nxe6 fxe6 22. Kg2 Rgxh5 23. Ng4 Qh7 24. gxf4 Rh2+ 25. Kf3 Rh3+ 26. Kg2 Rh2+ 27. Kf3 Rh3+ 1/2-1/2

[Event "Plovdiv Tringov Memorial"]
[Site "Plovdiv"]
[Date "2009.02.06"]
[Round "8"]
[White "Venkova, Polina"]
[Black "Ketzetzis, Georgios"]
[Result "0-1"]
[WhiteElo "1771"]
[BlackElo "2243"]
[PlyCount "64"]
[EventDate "2009.02.01"]
[EventType "swiss"]
[EventRounds "9"]
[EventCountry "BUL"]
[SourceTitle "CBM 128 Extra"]
[Source "ChessBase"]
[SourceDate "2009.03.05"]
[SourceVersion "2"]
[SourceVersionDate "2009.03.25"]
[SourceQuality "1"]

1. d4 d5 2. Nf3 c6 3. c4 e6 4. Nc3 Nf6 5. Bg5 dxc4 6. e4 b5 7. a4 Qb6 8. Bxf6 gxf6 9. axb5 cxb5 10. d5 Bc5 11. Qd2 Na6 12. b3 Bb4 13. bxc4 Nc5 14. Qd4 e5 15. Nxe5 Na4 16. c5 Qa5 17. Rc1 Bxc3+ 18. Rxc3 Qxc3+ 19. Qxc3 Nxc3 20. Nc6 Nxe4 21. Bxb5 Nxc5 22. 0-0 Ba6 23. Nxa7+ Bxb5 24. Nxb5 Kd7 25. h3 Rhb8 26. Nd4 Ra4 27. Rd1 Rb2 28. Nf5 Rf4 29. Nh6 Rfxf2 30. Nxf7 Rxg2+ 31. Kf1 Rbf2+ 32. Ke1 Ne4 0-1

[Event "GRE-ch U20"]
[Site "Greece"]
[Date "2009.01.05"]
[Round "5"]
[White "Tzouganakis, Panteleimon"]
[Black "Ketzetzis, Georgios"]
[Result "0-1"]
[WhiteElo "2023"]
[BlackElo "2243"]
[PlyCount "72"]
[EventDate "2009.01.02"]
[EventType "swiss"]
[EventRounds "9"]
[EventCountry "GRE"]
[SourceTitle "EXT 2011"]
[Source "ChessBase"]
[SourceDate "2010.11.26"]
[SourceVersion "1"]
[SourceVersionDate "2010.11.26"]
[SourceQuality "1"]

1. e4 c6 2. d4 d5 3. f3 Qb6 4. Nc3 dxe4 5. fxe4 e5 6. Nf3 exd4 7. Nxd4 Nf6 8. Be2 Nbd7 9. Nb3 Bb4 10. Bf3 0-0 11. Qe2 Re8 12. Bd2 a5 13. a3 Bd6 14. 0-0-0 Qc7 15. Nd4 Be5 16. Be3 b5 17. Nb1 Nb6 18. Nd2 b4 19. a4 Ba6 20. Qf2 Nxa4 21. b3 Nc3 22. Nb1 Nxd1 23. Rxd1 c5 24. Nf5 Rac8 25. c4 bxc3 26. Qh4 c2 27. Kxc2 c4 28. b4 axb4 29. Qg5 g6 30. Bd4 b3+ 31. Kb2 c3+ 32. Nxc3 Bxd4 33. Nxd4 Qxc3+ 34. Kb1 Bd3+ 35. Rxd3 Qxd3+ 36. Kb2 Qxd4+ 0-1

[Event "GRE-ch U20"]
[Site "Greece"]
[Date "2009.01.04"]
[Round "4"]
[White "Aggelis, Nikolaos"]
[Black "Ketzetzis, Georgios"]
[Result "1-0"]
[WhiteElo "2301"]
[BlackElo "2243"]
[PlyCount "120"]
[EventDate "2009.01.02"]
[EventType "swiss"]
[EventRounds "9"]
[EventCountry "GRE"]
[SourceTitle "EXT 2011"]
[Source "ChessBase"]
[SourceDate "2010.11.26"]
[SourceVersion "1"]
[SourceVersionDate "2010.11.26"]
[SourceQuality "1"]

1. Nf3 Nf6 2. d4 e6 3. g3 d5 4. Bg2 b5 5. 0-0 Bb7 6. b3 Nbd7 7. c4 dxc4 8. bxc4 bxc4 9. Qa4 Bd6 10. Na3 0-0 11. Nxc4 Nb6 12. Nxb6 axb6 13. Qb3 Bd5 14. Qc2 Qd7 15. Bb2 Qa4 16. Qxa4 Rxa4 17. a3 Rfa8 18. Rfc1 Ne8 19. Ne5 Bxg2 20. Kxg2 Bxa3 21. Bxa3 Rxa3 22. Rab1 f6 23. Nc6 Ra2 24. Kf3 Kf7 25. Nb4 R8a3+ 26. e3 Rd2 27. h4 Ke7 28. Ra1 Rb3 29. Nc6+ Kf8 30. Nd8 Rbb2 31. Nxe6+ Ke7 32. Nxg7 Nxg7 33. Rxc7+ Ke6 34. Rxg7 f5 35. Rf1 b5 36. Rxh7 b4 37. Rb7 Kf6 38. Rb6+ Kf7 39. Kf4 Rxf2+ 40. Rxf2 Rxf2+ 41. Ke5 Rf3 42. Rxb4 Rxe3+ 43. Kf4 Rd3 44. Rb5 Rxd4+ 45. Kxf5 Kg7 46. g4 Ra4 47. h5 Ra7 48. Kg5 Kh7 49. h6 Rc7 50. Kh5 Kg8 51. Rg5+ Kh8 52. Re5 Kh7 53. g5 Rc8 54. Rd5 Ra8 55. g6+ Kh8 56. Kg5 Rb8 57. Rd6 Ra8 58. Kf6 Rg8 59. Ke7 Rf8 60. g7+ Kh7 1-0

[Event "GRE-ch U20"]
[Site "Greece"]
[Date "2009.01.03"]
[Round "3"]
[White "Ketzetzis, Georgios"]
[Black "Panagiotakos, Nikolaos"]
[Result "1-0"]
[WhiteElo "2243"]
[BlackElo "2145"]
[PlyCount "31"]
[EventDate "2009.01.02"]
[EventType "swiss"]
[EventRounds "9"]
[EventCountry "GRE"]
[SourceTitle "EXT 2011"]
[Source "ChessBase"]
[SourceDate "2010.11.26"]
[SourceVersion "1"]
[SourceVersionDate "2010.11.26"]
[SourceQuality "1"]

1. e4 e5 2. Nf3 Nf6 3. d4 exd4 4. e5 Ne4 5. Qxd4 d5 6. exd6 Nxd6 7. Nc3 Nc6 8. Qf4 Be7 9. Be3 Be6 10. 0-0-0 a6 11. h4 Qd7 12. Ne4 Nb4 13. Nc5 Nxa2+ 14. Kb1 Qc8 15. Nxe6 Qxe6 16. Qa4+ 1-0